000 00425nam a2200157Ia 4500
003 GCL
008 140319s9999 xx 000 0 eng d
040 _aGCL /
_cGCL
082 0 4 _aCC
_b932
_bL L
100 1 _aLIBRAIRIE HACHETTE
245 1 0 _aL'EGYPTE ENCYCLOPEDIE PAR L'IMAGE /
_cLIBRAIRIE HACHETTE
260 _a[S.N] :
_bLIBRAIRIE HACHETTE ،
_c1930
300 _a64 P
650 0 4 _aEGYPT - ANTIQUITIES
942 _2ddc
_cBK
999 _c20372
_d20372